Estadísticas para Prueba rápida de matemáticas - prueba corta de matemáticas - Quiz 12

Haz click aquí para intentar la prueba.

Estadísticas generales

  • Esta prueba ha sido intentada 32 veces
  • La puntuación promedio es 15 de 15

Estadísticas de respuestas

HintRespuesta% Correcto
2 x 9 =18
100%
3 x 9 =27
100%
5 x 9 =45
100%
6 x 9 =54
100%
9 x 9 =81
100%
1 x 9 =9
100%
10 x 9 =90
100%
11 x 9 =99
100%
4 x 9 =36
96%
7 x 9 =63
96%
8 x 9 =72
96%
12 x 9 =108
93%
13 x 9 =117
93%
14 x 9 =126
93%
15 x 9 =135
89%

Distribución de puntuación

Porcentaje por número respondido

Porcentaje de gente con cada puntuación

Historial de tus puntuaciones

No has intentado esta prueba.